000 00561nam a22001937a 4500
003 KOHA_MİRAKIL
005 20251024173925.0
008 251024b tu ||||| |||| 00| 0 tur d
020 _a9789750532993
040 _aTR-AnABB
_btur
_cTR-AnABB
041 _atur
082 _a306.482
_bYES 2022
100 1 _aYeşilyurt, Ahmet,
245 1 0 _aTanzimat'tan erken cumhuriyet'e kumar /
_cAhmet Yeşilyurt
260 _aİstanbul :
_bİletişim Yayınları,
_c2022
300 _a191 sayfa ;
_c20 cm
650 0 4 _aTürk edebiyatı, roman
942 _2ddc
_cBK
999 _c9226
_d9226
900 _bGizem YORULMAZ